Indonesia [ many the one

Bibliographic Details
Format: Book
Published: Indonesia , n.d
Subjects:

MARC

LEADER 00000cam a2200000 7i4500
001 0000004996
005 20101110.0
008 101110
040 |a INS 
090 0 0 |a VCD 1637 
245 0 0 |a Indonesia [  |h video disc] :   |b many the one 
260 |a Indonesia ,   |c n.d 
300 |a 1 videodisc (56 min.) :   |b sd., col. ;   |c 4 3/4 in. 
500 |a Also available in vhs format : VHS 597 
650 0 0 |a Indonesia   |x Description and travel 
999 |a VCD0001637   |b VIDEO CD   |c Media Collection   |e Default branch